• 首页
  • 本馆介绍
  • 公告通知
  • 最新文献
  • 馆藏检索
  • 电子资源
  • 读者导购
  • 参考咨询
  • 我的图书馆
  • 登录
  • 详细信息显示
  • 放入我的书架
  • 预约/预借图书
  • 作者相关作品
  • 分类相关作品
  • 丛书相关作品
  • 出版社相关作品

书目信息

  • 表格格式
  • 工作单格式
  • 卡片格式
题名:
公差、配合、量具、量仪
    
 
作者: 严忠锦 编
分册:  
出版信息: 兰州   甘肃人民出版社  1982
页数: 180页
开本: 19cm
丛书名: 机械工人自学丛书
单 册:
中图分类: TG8
科图分类:
主题词: 公差:配合--问答 , 配合:公差--问答 , 技术测量 , 机械量仪 , 公差 , 量具
电子资源:
ISBN:
000 00841nam2 2200313 45
001 0182011315
005 20060421102243.32
010    @dCNY0.57
091    @a15096.47
100    @a19950701d1982 em y0chiy0121 ea
101 0  @achi
102    @aCN@b620000
105    @ay z 000yy
200 10 @a公差、配合、量具、量仪@Agong cha、 pei he、 liang ju、 liang yi@e考工问答@f严忠锦编@Fyan zhong jin bian
210    @a兰州@c甘肃人民出版社@d1982
215    @a180页@d19cm
225 2  @a机械工人自学丛书
410  0 @120010@a机械工人自学丛书
606    @a公差:配合@x问答
606    @a配合:公差@x问答
606 0  @a技术测量
606 0  @a机械量仪
606 0  @a公差
606 0  @a量具
690    @aTG8@v4
701  0 @a严忠锦@Ayan zhong jin@4编
801  2 @aCN@bNLC@c20060421
801  0 @aCN@b上海图书馆@c20040521
905    @dTG8@e1
    
    公差、配合、量具、量仪:考工问答/严忠锦编.-兰州:甘肃人民出版社,1982
    180页;19cm.-(机械工人自学丛书)
    
    
    ISBN :CNY0.57
    
●
相关链接 在E读中查询图书 在五车中查询图书 在当当中查询图书 在豆瓣中查询图书


正题名:公差、配合、量具、量仪     索取号:TG8/1         预约/预借

序号 登录号 条形码 馆藏地/架位号 状态 备注
1 0063883   001363633   第二样本阅览室/ [索取号:TG8/1] 在馆    
2 0063884   202279211   密集书库/ [索取号:TG8/1] 在馆    
3 0063885   202279284   密集书库/ [索取号:TG8/1] 在馆    
唐山师范学院图书馆 欢迎您!
大连网信软件有限公司© 版权所有